Movimiento Cívico: acuerdos básicos sobre el sector de economía laboral

محفوظ في:
التفاصيل البيبلوغرافية
المؤلف الرئيسي: Barquero, Guillermo
التنسيق: نص
منشور في: San José :
الوسوم: إضافة وسم
لا توجد وسوم, كن أول من يضع وسما على هذه التسجيلة!

MARC

LEADER 00000 a a2200000 04500
001 14769
003
040
090 |a 022300  
100 |a Barquero, Guillermo  
245 |a Movimiento Cívico: acuerdos básicos sobre el sector de economía laboral  
260 |a San José :  
300 |a 7 p.  
999 |c 10015  |d 10015